Zvorád či Swerad a Benedik, světci Slovenska zvláštní otisk z Ročenky Kruhu pro pěstování dějin umění na rok 1926 a 1927

Bibliographic Details
Main Author: Chytil, Karel, 1857-1934 (Author)
Format: Book
Language:Czech
PhysicalDescription:23 s. ilustrácie 8°
Published: [Česko?] Nákladom vlastným 1928
Subjects:

MARC

LEADER 00000cam a2200000 a 4500
001 vtls008375578
003 SK-MaSNL
005 20260426003043.0
008 251124s1928 xr a g n2 000 0 cze
015 |a SNBA19191938-000712 
020 |q (brož.) 
035 |a SK01SNKBIKKM20020067795 
035 |a SKM000070258 
040 |a SNK  |b slo  |c SNK  |e AACR2 
041 0 |a cze 
043 |a e-xo--- 
044 |a xr  |c CZ 
080 |a 235  |2 1981 
100 1 |a Chytil, Karel,  |d 1857-1934  |4 aut  |9 115729 
245 1 0 |a Zvorád či Swerad a Benedik, světci Slovenska  |b zvláštní otisk z Ročenky Kruhu pro pěstování dějin umění na rok 1926 a 1927  |c Karel Chytil 
260 |a [Česko?]  |b Nákladom vlastným  |c 1928  |e Praha  |f Státní tiskárna 
300 |a 23 s.  |b ilustrácie  |c 8° 
504 |a Obsahuje bibliografické poznámky 
600 0 |a Svorad,  |c svätý,  |d asi 980-asi 1030  |2 SNKMA  |9 167169 
600 0 |a Benedikt,  |c svätý,  |d pred 1000-asi 1030  |2 SNKMA  |9 167170 
651 7 |a Slovensko  |2 SNKPHgeo  |9 14231 
655 7 |a separáty  |2 SNKPH  |9 70334 
787 0 8 |i Separát z:  |t Ročenka Kruhu pro pěstování dějin umění na rok 1926 a 1927  |g 1928 
954 |a duchovná literatúra cudzojazyčná (svetová)  |2 lita 
958 |a RK 
958 |a TL 
958 |a CZ 
958 |a NB 
958 |a NT 
958 |a ONDV 
999 |c 934393  |d 936323 
952 |a SNK  |b SNK  |y PREZ  |7 0  |p 17A0714243  |o snkSC 609/1  |i snk313/29  |z Obsahuje venovanie od autora.  |0 0  |1 0  |4 0  |d 2024-02-21  |f 1  |l 0  |r 2026-02-24 08:59:22  |w 2026-02-24